[Event "46th Nordic Ch"]
[Site "Gentofte DEN"]
[Date "1999.08.06"]
[Round "1"]
[White "Hector, Jonny"]
[Black "Gunnarsson, Jon Viktor"]
[Result "1/2-1/2"]
[WhiteElo "2505"]
[BlackElo "2411"]
[EventDate "1999.08.06"]
[PlyCount "130"]

1.e4 e5 2.Nf3 Nf6 3.Nc3 Bb4 4.Nxe5 O-O 5.Be2 d6 6.Nd3 Bxc3 7.dxc3 Nxe4 8.
Nf4 Re8 9.O-O Nc6 10.c4 h6 11.f3 Nf6 12.Rf2 Bf5 13.b3 g5 14.Bd3 Qd7 15.Ne2
d5 16.Bb2 dxc4 17.Bxc4 Rad8 18.Qf1 Nd5 19.Bxd5 Qxd5 20.Ng3 Bg6 21.Kh1 f5 
22.f4 g4 23.Re2 Rxe2 24.Qxe2 Re8 25.Qf2 h5 26.Nf1 Qe6 27.Qc5 Kh7 28.Qc3 
Qf7 29.Re1 Rg8 30.Ne3 h4 31.Rd1 Kh6 32.Nd5 Qe6 33.Nxc7 Qe2 34.Qd2 Qxd2 35.
Rxd2 Rc8 36.Nd5 Re8 37.Kg1 Re1+ 38.Kf2 Rh1 39.Ne3 h3 40.Kg3 Re1 41.Nc4 b5 
42.Nd6 Re3+ 43.Kf2 g3+ 44.hxg3 h2 45.Rd1 Re2+ 46.Kxe2 Bh5+ 47.g4 Bxg4+ 48.
Kd2 Bxd1 49.Nxf5+ Kh5 50.Ng3+ Kh4 51.Nh1 Bh5 52.Ke3 Kg4 53.c3 Ne7 54.c4 
bxc4 55.bxc4 Bf7 56.c5 Bxa2 57.Be5 Nf5+ 58.Kf2 Bd5 59.Bc7 a6 60.Kf1 a5 61.
Nf2+ Kg3 62.Nh1+ Kh4 63.Bd8+ Kg4 64.Nf2+ Kg3 65.Nh1+ Kg4 {(...)} 1/2-1/2

[Event "46th Nordic Ch"]
[Site "Gentofte DEN"]
[Date "1999.08.07"]
[Round "2"]
[White "Westerinen, Heikki"]
[Black "Gausel, Einar"]
[Result "1/2-1/2"]
[WhiteElo "2382"]
[BlackElo "2500"]
[EventDate "1999.08.06"]
[PlyCount "48"]

1.e4 c5 2.Nf3 Nc6 3.Bb5 e6 4.O-O Nge7 5.Nc3 Nd4 6.Nxd4 cxd4 7.Ne2 a6 8.Ba4
b5 9.Bb3 Nc6 10.d3 Bc5 11.f4 Qh4 12.Ng3 Bb7 13.Qh5 Be7 14.f5 g6 15.Qxh4 
Bxh4 16.Bh6 Bxg3 17.hxg3 gxf5 18.exf5 Rg8 19.fxe6 dxe6 20.Bf4 O-O-O 21.
Rfe1 Rg6 22.Kf2 Rdg8 23.Rh1 R8g7 24.Rh5 Kd7 1/2-1/2

[Event "46th Nordic Ch"]
[Site "Gentofte DEN"]
[Date "1999.08.11"]
[Round "6"]
[White "Borge, Nikolaj"]
[Black "Olafsson, Helgi"]
[Result "0-1"]
[WhiteElo "2426"]
[BlackElo "2494"]
[EventDate "1999.08.06"]
[PlyCount "86"]

1.e4 c5 2.Nf3 d6 3.d4 cxd4 4.Nxd4 Nf6 5.Nc3 a6 6.Be3 e6 7.g4 h6 8.f4 e5 9.
Nf5 h5 10.h3 hxg4 11.Qd3 g6 12.fxe5 dxe5 13.Qxd8+ Kxd8 14.Bg5 Nd7 15.Rd1 
Kc7 16.Ne3 Rh5 17.Ned5+ Nxd5 18.Nxd5+ Kb8 19.Bd8 b5 20.Bc7+ Kb7 21.Be2 
Rxh3 22.O-O g3 23.b4 Rh2 24.Bg4 Rf2 25.Ba5 Nb6 26.Bxc8+ Nxc8 27.Nc7 Bxb4 
28.Bxb4 Kxc7 29.Ba5+ Kc6 30.Rd8 Rxf1+ 31.Kxf1 f5 32.Kg2 f4 33.a3 g5 34.Re8
g4 35.Rxe5 Nd6 36.Re6 Kd7 37.Rg6 Nc4 38.Rg7+ Ke6 39.Bc7 Ra7 40.Rg6+ Kf7 
41.Rc6 Rxc7 42.Rxc7+ Ke6 43.Kg1 f3 0-1